Yurtdışı seçim çevresi (Record no. 9170)

MARC details
000 -BAŞLIK
Sabit Uzunlukta Kontrol Alanı 01196na a2200277 4500
001 - KONTROL NUMARASI
Denetim Alanı 22817
003 - KONTROL NUMARASI IDENTIFIER
Denetim Alanı MIRAKIL
005 - SON İŞLEM TARİHİ VE ZAMANI
Denetim Alanı 20181213155237.0
008 - SABİT-BOY VERİ ELEMANLARI - GENEL BİLGİLER
Sabit Uzunlukta Kontrol Alanı 170226b tu 000 0
040 ## - KATALOGLAMA KAYNAK
Orijinal Kataloglama Ajansı Milas
Kataloglama Dili tur
Metne Dönüştürmek Ajansı TR-AnCHP
041 ## - DİL KODU
Metin / Ses Parça Veya Ayrı Başlığın Dil Kodu tur
082 ## - DEWEY ONLU SINIFLANDIRMA NUMARASI
Sınıflandırma Numarası CHP 327.106
Ürün Numarası C36y [t.y.]
090 ## - SINIFLAMA NUMARASI
Sınıflama Numarası CHP 327.106 C36y [t.y.]
091 ## - MICROFILM RAF YER (AM) [OBSOLETE]
Mikrofilm Raf Yeri DIŞ POLİTİKA -3- AB
110 ## - ANA GİRİŞ - KURUMSAL ADI
Giriş Elemanı Olarak Kurumsal Ad Veya Yargı Alanı Adı Cumhuriyet Halk Partisi (CHP)
Alt Birim Bilim Yönetim ve Kültür Platformu (BYKP)
-- Dış İlişkiler ve Yurtdışı Örgütlenmeleri Genel Başkan Yardımcılığı
222 ## - ANAHTAR ADI
Anahtar Başlık AB temsilciliği raporları
245 ## - BAŞLIK TABLOSU
Başlık Yurtdışı seçim çevresi
Başlığın Kalan adil bir seçim sistemine doğru
Sorumluluk Tablosu, Vb Cumhuriyet Halk Partisi Bilim Yönetim Kültür Platformu Dış İlişkiler ve Yurtdışı Örgütlenmeleri Genel Başkan Yardımcılığı
300 ## - FİZİKSEL TANIM
Kapsam 4
Boyutlar 30 sm.
440 ## - SERİSİ TABLOSU / KATMA GİRİŞİ - BAŞLIK
Başlık Cumhuriyet Halk Partisi yayınları
Bir İşin Parçası / Bölümün İsmi Broşürler
610 ## - KONU KATMA GİRİŞ - TOPLANTI ADI
Giriş Elemanı Olarak Kurumsal Ad Veya Yargı Alanı Adı CHP
Genel Alt Bölüm Yurtdışı temsilcilikleri
Kronolojik Alt Bölüm Raporlar
610 ## - KONU KATMA GİRİŞ - TOPLANTI ADI
Giriş Elemanı Olarak Kurumsal Ad Veya Yargı Alanı Adı CHP
Genel Alt Bölüm Seçimler
Coğrafi Alt Bölüm Yurtdışında yaşayan Türkler
650 ## - KONU KATMA GİRİŞ - TOPİKAL DÖNEM
Topikal Süreli Veya Coğrafi Ad Giriş Elemanı Yurtdışında yaşayan Türkler
Genel Alt Bölümü Seçimler
650 ## - KONU KATMA GİRİŞ - TOPİKAL DÖNEM
Topikal Süreli Veya Coğrafi Ad Giriş Elemanı Cumhurbaşkanı seçimleri
Genel Alt Bölümü Dış temsilcilikler
942 ## - EKLENDİ GİRİŞ ELEMANLARI (KOHA)
Sınıflandırma Veya Raf Düzeni Kaynak Dewey Decimal Classification
Koha Öğesi Türü Books
999 ## - SİSTEM KONTROL NUMARALARI (KOHA)
Koha Biblionumber 9170
Koha Biblioitemnumber 9170
Holdings
Kalıcı Konum Mevcut Konum Edinme Tarihi Edinim Kaynak Toplam Check-Out'Lar Tam Çağrı Numarası Barkod Tarih Son Görülme İtibaren Geçerli Fiyatlar Koha Öğesi Türü
CHP Kütüphanesi CHP Kütüphanesi 02/26/2017 Bağış   CHP 327.106 C36y [t.y.] 016706 02/26/2017 02/26/2017 Books